000 00320nam a2200121Ia 4500
008 220216s9999 xx 000 0 und d
100 _aPazur Richard J
245 0 _aState of cure measurements in peroxide and sulfur cured EPDM
260 _bRubber World
_c2009
300 _a25-34
700 _aWalker F J
942 _cJS
999 _c69251
_d69251